000 00446nam a2200181Ia 4500
001 16918
005 20260306170346.0
008 260306t2011||||xx |||||||||||||| ||und||
041 _aESP
082 _a657.3
_bI59
100 _aInstituto Mexicano de Contadores Públicos
_eAUT
245 0 _aPrincipales diferencias U.S. GAAP - IFRS - NIF
260 _c2011
300 _a
_c
650 _aGEN
654 _aCCO
942 _cLIB
_dJUS
_fJUS
_2ddc
_n
999 _c16918
_d16918